[Event "Reykjavik op"]
[Site "Reykjavik"]
[Date "2025.04.15"]
[Round "9"]
[White "Mannion, Stephen R"]
[Black "Divry, Alexandre"]
[Result "1/2-1/2"]
[WhiteElo "2180"]
[BlackElo "2036"]
[PlyCount "44"]
[EventDate "2025.04.09"]
[EventType "swiss"]
[EventRounds "9"]
[EventCountry "ISL"]
[SourceTitle "CB17_2025"]
[SourceDate "2025.04.23"]
[SourceVersion "1"]
[SourceVersionDate "2025.04.23"]
[SourceQuality "1"]

1. e4 c6 2. d4 d5 3. e5 c5 4. dxc5 e6 5. Nf3 Bxc5 6. Bd3 f6 7. 0-0 Nc6 8. exf6 Nxf6 9. c4 dxc4 10. Bxc4 Qxd1 11. Rxd1 Ne4 12. Rf1 Nd4 13. Nbd2 b5 14. Bd3 0-0 15. Nxe4 Bb6 16. Be3 Bd7 17. Rac1 Rad8 18. Nc5 Bc8 19. Rfd1 e5 20. b4 h6 21. h3 a6 22. a3 Rf7 1/2-1/2

[Event "Reykjavik op"]
[Site "Reykjavik"]
[Date "2025.04.14"]
[Round "8"]
[White "Divry, Alexandre"]
[Black "Weersing, Nathan"]
[Result "1-0"]
[WhiteElo "2036"]
[BlackElo "1666"]
[PlyCount "55"]
[EventDate "2025.04.09"]
[EventType "swiss"]
[EventRounds "9"]
[EventCountry "ISL"]
[SourceTitle "CB17_2025"]
[SourceDate "2025.04.23"]
[SourceVersion "1"]
[SourceVersionDate "2025.04.23"]
[SourceQuality "1"]

1. d4 d5 2. c4 e6 3. Nc3 Nf6 4. cxd5 exd5 5. Bg5 c6 6. e3 Bf5 7. Qf3 Bg6 8. Bxf6 gxf6 9. Nge2 Nd7 10. Ng3 Bb4 11. Rc1 Qa5 12. a3 Bxc3+ 13. Rxc3 0-0 14. Nf5 b5 15. Bd3 b4 16. Ne7+ Kg7 17. Nxc6 bxc3 18. Nxa5 cxb2 19. Bxg6 fxg6 20. Kd2 Rfc8 21. Rb1 Rab8 22. Qxd5 Nb6 23. Qe6 Re8 24. Qa2 Na4 25. Qc4 Nb6 26. Qc7+ Kh8 27. Rxb2 Rbc8 28. Qxa7 1-0

[Event "Reykjavik op"]
[Site "Reykjavik"]
[Date "2025.04.10"]
[Round "2"]
[White "Khaledi, Omid"]
[Black "Divry, Alexandre"]
[Result "1-0"]
[WhiteElo "2228"]
[BlackElo "2036"]
[PlyCount "189"]
[EventDate "2025.04.09"]
[EventType "swiss"]
[EventRounds "9"]
[EventCountry "ISL"]
[SourceTitle "CB17_2025"]
[SourceDate "2025.04.23"]
[SourceVersion "1"]
[SourceVersionDate "2025.04.23"]
[SourceQuality "1"]

1. d4 d5 2. Nf3 Nf6 3. c4 e6 4. g3 dxc4 5. Bg2 c5 6. 0-0 Nc6 7. dxc5 Qxd1 8. Rxd1 Bxc5 9. Nbd2 c3 10. bxc3 0-0 11. Nb3 Be7 12. Nfd4 Nxd4 13. cxd4 Nd5 14. Bd2 f5 15. Nc5 b6 16. e4 fxe4 17. Nxe4 Bd7 18. Bg5 Rac8 19. Bxe7 Nxe7 20. Rd2 Bc6 21. Ng5 Bxg2 22. Kxg2 Rfd8 23. Nxe6 Rd6 24. Re1 Nd5 25. Ng5 h6 26. Nf3 b5 27. Re5 Kf7 28. Rf5+ Kg8 29. Re5 Kf7 30. Rf5+ Kg8 31. Nh4 Re8 32. Rc2 a6 33. Re5 Red8 34. Nf5 R6d7 35. a3 Kh7 36. Rc6 Ra8 37. Rc5 Rad8 38. Re6 Rf8 39. Ne3 Nf6 40. Nf5 Nd5 41. Rd6 Rxd6 42. Nxd6 Ne7 43. Rc7 Nd5 44. Rc5 Ne7 45. Rc7 Nd5 46. Rb7 Nc3 47. g4 Kg8 48. Nf5 Rf7 49. Rb8+ Kh7 50. Ra8 h5 51. h3 hxg4 52. hxg4 g6 53. Nd6 Rf4 54. Ra7+ Kg8 55. f3 Rxd4 56. Rxa6 b4 57. axb4 Rxb4 58. Rc6 Nd5 59. Ne4 Kg7 60. Rd6 Nf4+ 61. Kg3 Ne2+ 62. Kf2 Nf4 63. Rd7+ Kf8 64. Kg3 Ne6 65. Rd6 Ke7 66. Ra6 Rb1 67. Nc3 Rg1+ 68. Kf2 Rc1 69. Nd5+ Kf7 70. Ra7+ Kf8 71. Ke3 Re1+ 72. Kf2 Rd1 73. Nf6 Rc1 74. Nd7+ Ke7 75. Nc5+ Kf6 76. Ne4+ Ke5 77. Re7 Kd5 78. Rd7+ Ke5 79. Re7 Kd5 80. Re8 Rc7 81. Kg3 Ra7 82. Rg8 Rg7 83. Ra8 Rc7 84. Ra5+ Kc6 85. Ra6+ Kd5 86. Ra5+ Kc6 87. Ng5 Nxg5 88. Rxg5 Rg7 89. f4 Kd6 90. Ra5 Rg8 91. Kh4 Ke6 92. Kg5 Kf7 93. Ra7+ Ke6 94. Ra6+ Kf7 95. Rf6+ 1-0

[Event "Reykjavik op"]
[Site "Reykjavik"]
[Date "2025.04.09"]
[Round "1"]
[White "Divry, Alexandre"]
[Black "Haug, Havard"]
[Result "1/2-1/2"]
[WhiteElo "2036"]
[BlackElo "2339"]
[PlyCount "128"]
[EventDate "2025.04.09"]
[EventType "swiss"]
[EventRounds "9"]
[EventCountry "ISL"]
[SourceTitle "CB17_2025"]
[SourceDate "2025.04.23"]
[SourceVersion "1"]
[SourceVersionDate "2025.04.23"]
[SourceQuality "1"]

1. d4 Nf6 2. c4 e6 3. Nc3 d5 4. cxd5 exd5 5. Bg5 Be7 6. e3 0-0 7. Bd3 Re8 8. Nge2 c6 9. 0-0 Nbd7 10. Rb1 a5 11. a3 h6 12. Bh4 Ne4 13. Bxe7 Qxe7 14. Bxe4 dxe4 15. Ng3 Nf6 16. Qc2 h5 17. h3 h4 18. Nge2 Bf5 19. d5 cxd5 20. Rfd1 Rac8 21. Qa4 Rc5 22. b4 axb4 23. axb4 Rcc8 24. Nxd5 Nxd5 25. Rxd5 Be6 26. Rc5 Red8 27. Nd4 Rxc5 28. bxc5 Bd5 29. Qa7 Qg5 30. Qb6 Ra8 31. c6 bxc6 32. Nxc6 Qf6 33. Nd4 Qxb6 34. Rxb6 Ra1+ 35. Kh2 g6 36. Rb5 Bc4 37. Rg5 Rf1 38. Rg4 Rxf2 39. Rxh4 Bd3 40. Rf4 Ra2 41. Kg3 Kg7 42. Rf2 Ra1 43. Rb2 Re1 44. h4 Kf6 45. Rf2+ Ke7 46. Kf4 f6 47. Rb2 Rf1+ 48. Kg3 Kd6 49. Rb7 f5 50. Rb6+ Ke5 51. Re6+ Kd5 52. Rf6 Bc4 53. h5 Ke5 54. Rf8 gxh5 55. Nc6+ Kd5 56. Nd4 Ke5 57. Nc6+ Kd6 58. Nd4 Re1 59. Kf4 Rf1+ 60. Kg5 f4 61. Rxf4 Re1 62. Kxh5 Rxe3 63. Nf5+ Ke5 64. Nxe3 Kxf4 1/2-1/2

[Event "Baden-Baden op"]
[Site "Baden-Baden"]
[Date "2024.02.10"]
[Round "3"]
[White "Divry, Alexandre"]
[Black "Keller, Peter1"]
[Result "1-0"]
[WhiteElo "1993"]
[BlackElo "2328"]
[PlyCount "89"]
[EventDate "2024.02.09"]
[EventType "swiss"]
[EventRounds "9"]
[EventCountry "GER"]
[SourceTitle "CBM 218 Extra"]
[Source "ChessBase"]
[SourceDate "2024.03.31"]
[SourceVersion "1"]
[SourceVersionDate "2024.03.31"]
[SourceQuality "1"]

1. d4 Nf6 2. c4 e6 3. Nc3 Bb4 4. f3 c5 5. d5 d6 6. e4 b5 7. Bd3 bxc4 8. Bxc4 0-0 9. Nge2 exd5 10. Bxd5 Nxd5 11. Qxd5 Be6 12. Qd1 Nc6 13. 0-0 Rb8 14. Bf4 Ne5 15. Qc2 c4 16. Be3 Qc7 17. Na4 Bd7 18. Nec3 Qa5 19. a3 Bxc3 20. Nxc3 Rb3 21. Nd5 Be6 22. Rfd1 Rfb8 23. Bd4 Bxd5 24. exd5 Qb5 25. a4 Qxd5 26. Bxa7 Nd3 27. Bxb8 Qc5+ 28. Kf1 Rxb2 29. Bxd6 Qa7 30. Bc5 Qxc5 31. Rxd3 Rxc2 32. Rd8+ Qf8 33. Rxf8+ Kxf8 34. a5 Rb2 35. a6 Rb8 36. a7 Ra8 37. Ke2 Ke7 38. Ke3 Kd6 39. Kd4 Kc6 40. Kxc4 Kb6 41. Kb4 Kc6 42. Ra6+ Kb7 43. Kb5 Kc7 44. Ra4 Kb7 45. Re4 1-0

[Event "Baden-ch U20"]
[Site "Karlsruhe"]
[Date "2020.01.02"]
[Round "1"]
[White "Wu, Luka"]
[Black "Divry, Alexandre"]
[Result "1-0"]
[WhiteElo "2057"]
[BlackElo "1539"]
[PlyCount "86"]
[EventDate "2020.01.02"]
[EventType "swiss"]
[EventRounds "7"]
[EventCountry "GER"]
[SourceTitle "CBM 194 Extra"]
[Source "ChessBase"]
[SourceDate "2020.03.31"]
[SourceVersion "1"]
[SourceVersionDate "2020.03.31"]
[SourceQuality "1"]

1. e4 e5 2. Nf3 Nf6 3. Nxe5 d6 4. Nf3 Nxe4 5. d4 d5 6. Bd3 Be7 7. c4 Bb4+ 8. Nbd2 0-0 9. 0-0 Nxd2 10. Bxd2 Bxd2 11. Qxd2 Nd7 12. cxd5 Nf6 13. Qc2 h6 14. Bc4 Nxd5 15. Bxd5 Qxd5 16. Qxc7 Bf5 17. Qc5 Rfd8 18. Rfe1 Be4 19. Qxd5 Bxd5 20. Ne5 Rac8 21. h3 Rc2 22. b3 f6 23. Ng4 Bc6 24. Red1 Be4 25. Ne3 Rc7 26. Rd2 Bd5 27. f3 Kf7 28. Kf2 b6 29. Re1 Rcd7 30. h4 Be6 31. Red1 Bd5 32. g4 Kf8 33. Kg3 Bg8 34. d5 Rd6 35. f4 g6 36. Rd4 b5 37. R1d2 Bf7 38. g5 hxg5 39. fxg5 fxg5 40. hxg5 a5 41. Kf4 Rc8 42. Rd1 Ke7 43. R4d2 Rh8 1-0

[Event "GER-ch U14"]
[Site "Willingen"]
[Date "2019.06.11"]
[Round "4"]
[White "Divry, Alexandre"]
[Black "May, Ben Iven"]
[Result "0-1"]
[WhiteElo "1654"]
[BlackElo "1692"]
[PlyCount "72"]
[EventDate "2019.06.08"]
[EventType "swiss"]
[EventRounds "9"]
[EventCountry "GER"]
[SourceTitle "CBM 191 Extra"]
[Source "ChessBase"]
[SourceDate "2019.09.30"]
[SourceVersion "1"]
[SourceVersionDate "2019.09.30"]
[SourceQuality "1"]

1. d4 Nf6 2. c4 g6 3. Nc3 Bg7 4. e4 d6 5. Be2 0-0 6. Nf3 e5 7. dxe5 dxe5 8. Qxd8 Rxd8 9. Bg5 Re8 10. Nd5 Nxd5 11. cxd5 c6 12. Bc4 Bd7 13. 0-0 Na6 14. Bxa6 bxa6 15. d6 f6 16. Be3 f5 17. Nd2 Re6 18. Bc5 Rb8 19. Nc4 Rb7 20. f3 Re8 21. Ba3 Rb5 22. Rfd1 Rf8 23. Nd2 Bh6 24. Nb3 Be3+ 25. Kf1 fxe4 26. Ke2 Bb6 27. Nd2 exf3+ 28. Nxf3 e4 29. Nd4 Bg4+ 30. Ke1 Rd5 31. Nxc6 Bf2+ 32. Kf1 e3 33. Ne7+ Kg7 34. Re1 Bxe1+ 35. Kxe1 e2 36. Nf5+ Rfxf5 0-1

[Event "GER-ch U14"]
[Site "Willingen"]
[Date "2019.06.10"]
[Round "3"]
[White "Schubert, Nikita"]
[Black "Divry, Alexandre"]
[Result "1-0"]
[WhiteElo "1806"]
[BlackElo "1654"]
[PlyCount "55"]
[EventDate "2019.06.08"]
[EventType "swiss"]
[EventRounds "9"]
[EventCountry "GER"]
[SourceTitle "CBM 191 Extra"]
[Source "ChessBase"]
[SourceDate "2019.09.30"]
[SourceVersion "1"]
[SourceVersionDate "2019.09.30"]
[SourceQuality "1"]

1. d4 Nf6 2. c4 e6 3. Nf3 d5 4. g3 dxc4 5. Bg2 c5 6. 0-0 Nc6 7. Qa4 Bd7 8. Qxc4 b5 9. Qd3 c4 10. Qd1 Be7 11. Nc3 Qb6 12. Ne5 Rd8 13. Be3 Nb4 14. a4 a6 15. b3 Nfd5 16. Nxd5 Nxd5 17. bxc4 bxc4 18. Nxc4 Qb4 19. Qd3 Rc8 20. Ne5 Bd6 21. Nxd7 Kxd7 22. Bxd5 exd5 23. Qf5+ Ke7 24. Qxd5 Qc4 25. Qe4+ Kd7 26. Rfc1 Qxe2 27. Qf5+ Ke7 28. Rxc8 1-0

[Event "GER-ch U14"]
[Site "Willingen"]
[Date "2019.06.09"]
[Round "2"]
[White "Divry, Alexandre"]
[Black "Hetzner, Hannes"]
[Result "0-1"]
[WhiteElo "1654"]
[BlackElo "2001"]
[PlyCount "94"]
[EventDate "2019.06.08"]
[EventType "swiss"]
[EventRounds "9"]
[EventCountry "GER"]
[SourceTitle "CBM 191 Extra"]
[Source "ChessBase"]
[SourceDate "2019.09.30"]
[SourceVersion "1"]
[SourceVersionDate "2019.09.30"]
[SourceQuality "1"]

1. d4 Nf6 2. c4 e6 3. Nf3 d5 4. Nc3 Bb4 5. Qa4+ Nc6 6. e3 0-0 7. a3 Be7 8. Bd3 Re8 9. 0-0 Bf8 10. cxd5 exd5 11. h3 Ne4 12. Qc2 Bf5 13. Nd2 Nxd2 14. Bxd2 Bxd3 15. Qxd3 Ne7 16. Rfc1 Ng6 17. Qb5 c6 18. Qxb7 Re6 19. Rc2 Nh4 20. Ne2 Qg5 21. Ng3 Rae8 22. e4 Qg6 23. Rac1 dxe4 24. Rxc6 Bd6 25. R6c3 f5 26. Qd5 f4 27. Qh5 e3 28. Bxe3 Qxh5 29. Nxh5 fxe3 30. fxe3 Rxe3 31. Rxe3 Rxe3 32. Rc8+ Kf7 33. Rd8 Ke7 34. Ra8 g6 35. Rxa7+ Kf8 36. Ra6 gxh5 37. Rxd6 Re2 38. Rf6+ Ke7 39. Rf2 Re1+ 40. Rf1 Re2 41. Rf2 Re1+ 42. Rf1 Re4 43. Rd1 Re2 44. Rb1 Rxg2+ 45. Kh1 Rg3 46. Kh2 Rd3 47. Rg1 Nf3+ 0-1